01981nam a2200289 4500001000400000003000400004005001700008008004100025040000800066041001300074082001400087100003200101240003100133245005200164260003500216300001100251490004300262500006100305520118000366650002301546650001501569650001801584650001501602655002101617655001101638830004201649316OSt20250326090921.0250325b |||||||| |||| 00| 0 eng d bpor hgerapor a142bK16c aKant, Immanueld1724 - 1804 aKRITIK DER REINEN VERNUNFT aCrítica da razão pura / cKant, Immanuel ;  aEspírito SantobFormarc1978 a172 p.1 aGrandes Mestres do PensamentovLivro 5 aVolume 5 da Coleção "Grande Mestres do Pensamentos". a O livro busca investigar os limites e as possibilidades do conhecimento humano, estabelecendo as bases do idealismo transcendental. Kant distingue dois tipos de conhecimento: A priori (independente da experiência) A posteriori (derivado da experiência) Ele argumenta que nossa mente estrutura a experiência por meio de formas puras da intuição sensível (espaço e tempo) e das categorias do entendimento (como causalidade e substância). Assim, nosso conhecimento é condicionado por esses elementos, tornando impossível conhecer a "coisa em si" (noumeno), apenas os fenômenos, que são a realidade conforme aparece para nós. A obra critica tanto o racionalismo (que confia na razão pura para conhecer a realidade) quanto o empirismo (que sustenta que todo conhecimento vem da experiência). Kant busca uma síntese entre esses extremos, mostrando que a razão tem limites e não pode, por si só, provar a existência de Deus, da alma ou da liberdade. O impacto da Crítica da Razão Pura foi enorme, influenciando toda a filosofia posterior, especialmente o idealismo alemão, e estabelecendo os fundamentos da epistemologia moderna. 0aLiteratura Alemã 0aEmpirismo  0aRacionalismo  0aFilosofia  0aNão Ficção 0aEnsaio aGrandes Mestres do Pensamentovvol. 5